Law for Malaysian managers
| Main Author: | |
|---|---|
| Format: | Book |
| Published: |
Selangor :
Pelanduk Pub. ,
1992
|
| Subjects: |
MARC
| LEADER | 00000cam a2200000 7i4500 | ||
|---|---|---|---|
| 001 | 0000004721 | ||
| 002 | 000005091 | ||
| 005 | 20000330.0 | ||
| 020 | |a 9679781712 | ||
| 090 | 0 | 0 | |a 658.3134 |b VIJ |
| 100 | 1 | |a Vijandran, D.P | |
| 245 | 1 | 0 | |a Law for Malaysian managers |c D.P.Vijandran |
| 260 | |a Selangor : |b Pelanduk Pub. , |c 1992 | ||
| 300 | |a 196 ; |c 18cm. | ||
| 650 | 0 | 0 | |a Law |z Malaysia |
| 650 | 0 | 0 | |a Managers |z Malaysia |
| 999 | |a 0002642 |b BUKU |c PINJAMAN |e PERPUSTAKAAN KOMUNITI PETALING JAYA | ||
| 999 | |a 035378 |b BUKU |c PINJAMAN |e PERPUSTAKAAN KOMUNITI PETALING JAYA | ||